000 00754cab a2200241 4500
001 WB3206-59
008 090401t1996 xxu||||| |||| 00| 0 eng d
035 _a(Sirsi) u21446
041 _aeng
245 _aHealthcare body
260 _c1996
350 _a0
490 _aProperty Week
_v54(6) 8 February 1996, 8(1)
520 _aThe Association of Healthcare Valuers has been launched. Members specialise in the valuation of nursing homes and accommodation for the elderly.
650 _aASSOCIATION OF HEALTHCARE VALUERS
650 _aABOUT RICS-RICS MEMBERS
650 _aHEALTHCARE SECTOR
650 _aRICS APPRAISAL AND VALUATION MANUAL
650 _aVALUERS
690 _aRATING AND VALUATION
942 _n0
948 _c04/03/1997
999 _c14397
_d14397